Statystyki dla Kwiaty

Kliknij tutaj aby rozwiązać quiz!

Ogólne statystyki

  • Ten quiz został rozwiązany 1 329 razy
  • Średni wynik to 17 z 50

Statystyki odpowiedzi

HintOdpowiedź% Poprawnych
40Róża
98%
47Tulipan
90%
45Stokrotka
71%
28 (lekarski lub pospolity)Mniszek
63%
39Przebiśnieg
63%
22Lilia
59%
5Bratek
58%
10Fiołek
56%
15Goździk
55%
21Krokus
53%
16Hiacynt
52%
50Żonkil
51%
46Storczyk
49%
20Konwalia
46%
44Słonecznik
43%
17Irys
38%
4Bez
37%
19Kaktus
37%
30Narcyz
36%
1Aster
35%
32Niezapominajka
35%
35Pelargonia
35%
37Piwonia
35%
7Chryzantema
34%
6Chaber
33%
8Dalia
32%
12Frezja
27%
42Sasanka
26%
49Zawilec
25%
14Gerbera
24%
3Begonia
23%
33Orchidea
22%
34Paprotka
22%
18 (knieć błotna)Kaczeniec
21%
24Magnolia
21%
31Nasturcja
21%
36Petunia
21%
2Azalia
20%
48Wrzos
18%
26Malwa
17%
11Forsycja
16%
13Fuksja
16%
27Margaretka
16%
41Rumianek
15%
23Maciejka
14%
25Mak polny
13%
9Dracena
12%
38 (pierwiosnek)Prymulka
12%
29Monstera
10%
43Skrzydłokwiat
5%

Rozkład punktacji

Percentyl według liczby udzielonych odpowiedzi

Procent ludzi z każdym wynikiem

Twoja historia wyników

Nie rozwiązałeś tego quizu